000 00916nam a22002297a 4500
008 081211t xxu||||| |||| 00| 0 eng d
010 _aENG-92115
020 _c300.00
_a9788179331767
020 _c300.00
_a8179331768
035 _aEN-75648
037 _bDBAD / PUB
040 _adpl
_bEnglish
082 _a658.84
100 _aSardana, Mohit
245 _aWagon to riches...network marketing:
_cby Mohit Sardana
_bnetwork, marketers are the most promising entrepreneurs /
260 _aDelhi
_bDynamic Publications
_c2006
300 _a127p.
_c23cm (Hb)
490 _aDynamic management series;edited by Manjul Arora [and] Sugam Rastogi
650 _aMultilevel marketing.
942 _2ddc
_cEN
_mSAR
_h658.84
999 _c19680
_d19680